| 000 | 00360nam a2200145Ia 4500 | ||
|---|---|---|---|
| 008 | 150201s2003 xx 000 0 und d | ||
| 082 |
_a615.321 _bC2003B |
||
| 100 | _aBHAGBAT | ||
| 245 | _aCONCISE PHARMACOLOGY BASIC & APPLIED | ||
| 250 | _a1ST | ||
| 260 |
_bPARAS PUBLISHING _aHYDERABAD _c2003 |
||
| 300 | _a1-328 | ||
| 650 | _aPHARMACOLOGY | ||
| 942 |
_2ddc _cBK |
||
| 999 |
_c2660 _d2660 |
||